[Event "EYCC Open U14 2018"]
[Site "Riga"]
[Date "2018.08.24"]
[Round "5"]
[White "Larkin, Vladislav"]
[Black "Tadic, Stefan"]
[Result "1-0"]
[WhiteElo "2212"]
[BlackElo "2240"]
[Annotator "NA"]
[PlyCount "117"]
[EventDate "2018.08.20"]
[EventType "swiss"]
[EventCountry "LAT"]
[SourceTitle "playchess.com"]
[Source "ChessBase"]
[SourceQuality "1"]
[TimeControl "40/5400+30:1800+30"]

1. d4 {[%emt 0:00:00]} Nf6 {[%emt 0:00:00]} 2. Nc3 {[%emt 0:00:00]} d5 {[%emt 0:00:31]} 3. Bf4 {[%emt 0:00:00]} Bf5 {[%emt 0:01:46] D00: 1 d4 d5: Unusual lines} (3... e6 4. Nb5 Na6 5. e3 c6 6. Nc3 Nc7 7. Nf3 Bd6 8. Ne5 O-O 9. Qf3 Bb4 10. Bd3 Nb5 11. O-O Nxc3 12. bxc3 Bxc3 {0-1 (33) Jobava,B (2690)-Anand,V (2782) Riadh 2017}) 4. f3 {[%emt 0:00:04]} c6 {[%emt 0:01:15]} 5. Qd2 {[%emt 0:00:45]} e6 {[%emt 0:01:11]} 6. g4 {[%emt 0:00:07]} Bg6 {[%emt 0:00:17]} 7. h4 {[%emt 0:00:12]} h5 {[%emt 0:06:05]} 8. g5 {[%emt 0:00:22] LiveBook: 6 Games} Nfd7 {[%emt 0:03:21]} 9. a3 {[%emt 0:02:06]} Be7 $146 {[%emt 0:15:34]} ({Predecessor:} 9... Nb6 10. e4 Bd6 11. Nh3 Bxf4 12. Nxf4 {1-0 (52) Larkin,V (1915)-Bondar,D (1906) Bucha 2016}) 10. Nh3 {[%emt 0:05:41]} (10. e4 $14) 10... O-O {[%emt 0:08:56]} 11. Bh2 {[%emt 0:03:09]} Re8 {[%emt 0:02:46]} 12. Nf4 {[%emt 0:04:10]} Nf8 {[%emt 0:01:21]} 13. e3 {[%emt 0:08:25]} Nbd7 {[%emt 0:03:58]} 14. Nd3 {[%emt 0:03:19]} (14. Be2 $11) 14... b5 {[%emt 0:03:37]} 15. e4 {[%emt 0:22:42]} a5 {[%emt 0:06:02]} 16. Bg2 {[%emt 0:00:18]} Qb6 {[%emt 0:08:36]} (16... b4 $5 {[%cal Rb4c3]} 17. Ne2 bxa3 $11) 17. Ne2 {[%emt 0:01:16]} dxe4 {[%emt 0:03:54]} 18. fxe4 {[%emt 0:00:04]} c5 {[%emt 0:00:37]} 19. c3 {[%emt 0:01:53]} Rad8 {[%emt 0:02:36]} 20. O-O {[%emt 0:06:54]} c4 {[%emt 0:07:07]} 21. Nf2 {[%emt 0:00:41]} e5 {[%emt 0:01:16]} 22. Qe3 {[%emt 0:05:55]} Ne6 {[%emt 0:01:46]} 23. Rad1 {[%emt 0:00:31]} f6 $17 {[%emt 0:01:47]} 24. gxf6 {[%emt 0:01:09]} Bxf6 {[%emt 0:01:25]} 25. Qg3 {[%emt 0:00:37]} Kh7 {[%emt 0:00:31]} 26. d5 {[%emt 0:01:21]} Nec5 {[%emt 0:00:17]} 27. Kh1 {[%emt 0:00:36]} Nf8 {[%emt 0:05:50]} 28. Ng1 {[%emt 0:01:35]} Rd6 {[%emt 0:01:21]} 29. Ngh3 {[%emt 0:00:40]} Qd8 {[%emt 0:00:25]} 30. Ng5+ {[%emt 0:00:42]} Kg8 {[%emt 0:01:25]} 31. Qe3 {[%emt 0:00:32]} Na4 {[%emt 0:00:59]} 32. Rd2 {[%emt 0:02:51]} Qb6 {[%emt 0:01:05]} 33. Qe2 {[%emt 0:00:54]} Bxg5 {[%emt 0:05:04]} 34. hxg5 {[%emt 0:00:07]} Bf7 {[%emt 0:01:17]} 35. Nh3 {[%emt 0:02:19]} Qc7 {[%emt 0:00:40]} 36. Rf5 {[%emt 0:07:35]} Nd7 {[%emt 0:01:39]} 37. Ng1 {[%emt 0:07:41]} Bg6 {[%emt 0:00:15]} 38. Rf1 {[%emt 0:00:07]} Nac5 {[%emt 0:00:17]} 39. Qe3 {[%emt 0:01:37]} Qd8 {[%emt 0:01:18]} 40. Re2 {[%emt 0:00:00]} Qe7 {[%emt 0:00:00]} 41. Bg3 {[%emt 0:12:48]} Rb6 {[%emt 0:06:13]} 42. Rd2 {[%emt 0:00:53]} b4 {[%emt 0:04:29]} 43. axb4 {[%emt 0:00:04]} axb4 {[%emt 0:00:04]} 44. cxb4 {[%emt 0:00:56]} Nb3 {[%emt 0:05:41]} 45. Rdf2 {[%emt 0:00:52]} Nd4 {[%emt 0:01:50]} 46. Nf3 {[%emt 0:09:05]} Nxf3 {[%emt 0:01:11]} 47. Rxf3 {[%emt 0:01:12]} Rxb4 {[%emt 0:00:54]} 48. Be1 {[%emt 0:01:23]} Rxb2 {[%emt 0:01:52]} 49. Bh3 {[%emt 0:01:58]} Nb6 {[%emt 0:07:28]} 50. Be6+ {[%emt 0:00:49]} Kh7 {[%emt 0:00:47]} 51. Rf7 {[%emt 0:01:24]} Rb3 {[%emt 0:02:45]} 52. Bc3 {[%emt 0:07:11]} Qa3 {[%emt 0:01:34]} 53. Bxe5 Rg8 54. Qf4 {[%emt 0:06:09]} Re3 {[%emt 0:02:02]} 55. Bf5 {[%emt 0:00:33]} Bxf5 {[%emt 0:01:05]} 56. Qxf5+ {[%emt 0:00:05]} Kh8 {[%emt 0:00:01]} 57. Bxg7+ {[%emt 0:00:10]} Rxg7 {[%emt 0:00:09]} 58. Rf8+ {[%emt 0:00:02]} Rg8 {[%emt 0:00:19]} 59. Qf6+ {[%emt 0:00:04]} 1-0

[Event "EYCC Open U14 2018"]
[Site "Riga"]
[Date "2018.08.24"]
[Round "5"]
[White "Risteski, Emil"]
[Black "Ognean, Mihnea Ionut"]
[Result "0-1"]
[WhiteElo "2081"]
[BlackElo "2293"]
[Annotator "NA"]
[PlyCount "36"]
[EventDate "2018.08.20"]
[EventType "swiss"]
[EventCountry "LAT"]
[SourceTitle "playchess.com"]
[Source "ChessBase"]
[SourceQuality "1"]
[TimeControl "40/5400+30:1800+30"]

1. e4 {[%emt 0:00:00] Finkel,A} c5 {[%emt 0:00:00]} 2. Nf3 {[%emt 0:00:03]} Nc6 {[%emt 0:00:00]} 3. Nc3 {[%emt 0:00:15]} e5 {[%emt 0:01:47]} 4. Bc4 {[%emt 0:00:36]} Be7 {[%emt 0:00:07]} 5. d3 {[%emt 0:00:29]} Nf6 {[%emt 0:00:33]} 6. Nd2 d6 {[%emt 0:00:24]} 7. Nf1 {[%emt 0:01:05]} Bg4 {[%emt 0:00:23]} 8. f3 {[%emt 0:00:11]} Be6 {[%emt 0:00:05]} 9. Ne3 {[%emt 0:00:16]} O-O {[%emt 0:00:59]} 10. O-O {[%emt 0:00:17]} Nh5 {[%emt 0:04:36] B30: Sicilian: 2...Nc6 3 Bb5, lines without ...g6} 11. Ned5 {[%emt 0:15:53]} Bg5 {[%emt 0:07:48] LiveBook: 4 Games} 12. Kh1 $146 {[%emt 0:06:55]} ({Predecessor:} 12. Bxg5 Qxg5 13. Qc1 Qd8 14. a4 h6 15. Rf2 Ne7 16. Qd2 Nxd5 17. Nxd5 Nf6 18. Nxf6+ Qxf6 19. b3 b6 20. Raf1 Rad8 21. Qc3 Qg6 22. a5 Rb8 23. f4 exf4 24. Rxf4 Qg5 25. axb6 {½-½ (25) Adams,M (2719)-Leko,P (2763) San Luis 2005 CBM 110 [Finkel,A]}) 12... Rb8 {[%emt 0:12:12]} 13. a4 Nd4 14. g3 {[%emt 0:25:00]} Bxc1 {[%emt 0:07:12]} 15. Rxc1 {[%emt 0:02:00]} Qg5 {[%emt 0:03:11]} 16. Nb5 {[%emt 0:15:57]} Qh6 {[%emt 0:19:21]} 17. Qe1 {[%emt 0:00:29]} Ne2 {[%emt 0:03:11]} 18. Kg2 $19 {[%emt 0:01:55]} Bh3+ {[%emt 0:01:49]} 0-1

[Event "EYCC Open U14 2018"]
[Site "Riga"]
[Date "2018.08.24"]
[Round "5"]
[White "Karadzhov, Ivan"]
[Black "Suleymanli, Aydin Elshan"]
[Result "1/2-1/2"]
[WhiteElo "2009"]
[BlackElo "2323"]
[Annotator "NA"]
[PlyCount "107"]
[EventDate "2018.08.20"]
[EventType "swiss"]
[EventCountry "LAT"]
[SourceTitle "playchess.com"]
[Source "ChessBase"]
[SourceQuality "1"]
[TimeControl "40/5400+30:1800+30"]

1. Nf3 {[%emt 0:00:00]} Nf6 {[%emt 0:00:00]} 2. g3 {[%emt 0:00:07]} b5 {[%emt 0:00:00]} 3. Bg2 {[%emt 0:00:30]} Bb7 {[%emt 0:00:03]} 4. d3 {[%emt 0:00:28]} c5 {[%emt 0:04:36]} 5. O-O {[%emt 0:01:59]} d6 {[%emt 0:01:51] A05: Réti Opening: 1 Nf3 Nf6} 6. e4 {[%emt 0:03:37]} g6 {[%emt 0:03:32] LiveBook: 8 Games} 7. Nc3 $146 {[%emt 0:03:30]} ({Predecessor:} 7. d4 cxd4 8. Nxd4 a6 9. Re1 e5 10. Nb3 Bg7 11. a4 b4 12. a5 O-O 13. Ra4 {1-0 (59) Kramnik,V (2777)-Ghaem Maghami,E (2596) Berlin 2015}) 7... b4 {[%emt 0:00:48]} 8. Ne2 {[%emt 0:00:27]} Bg7 {[%emt 0:00:11]} 9. h3 {[%emt 0:04:22]} O-O {[%emt 0:00:32]} 10. Nd2 {[%emt 0:01:13]} Nc6 {[%emt 0:08:15]} 11. f4 {[%emt 0:03:27]} Nd7 {[%emt 0:01:38]} 12. g4 {[%emt 0:05:26]} Nd4 {[%emt 0:07:51]} 13. Nxd4 {[%emt 0:03:18]} Bxd4+ {[%emt 0:01:37]} 14. Kh1 {[%emt 0:00:18]} e6 {[%emt 0:06:00]} 15. Nf3 {[%emt 0:02:02]} Bg7 {[%emt 0:00:12]} 16. h4 {[%emt 0:07:02]} f5 {[%emt 0:09:07]} 17. exf5 {[%emt 0:13:33]} exf5 {[%emt 0:00:55]} 18. g5 {[%emt 0:00:49]} Qe7 {[%emt 0:01:41]} 19. Qd2 {[%emt 0:03:40]} Rfe8 {[%emt 0:03:54]} 20. c3 {[%emt 0:03:55]} (20. a3 $15) 20... Qf7 $17 {[%emt 0:05:41]} 21. Qc2 {[%emt 0:06:21]} bxc3 {[%emt 0:04:13]} 22. bxc3 {[%emt 0:00:49]} c4 {[%emt 0:00:23]} 23. Ba3 {[%emt 0:02:05]} Re3 {[%emt 0:02:17]} 24. d4 {[%emt 0:04:15]} Be4 {[%emt 0:05:37]} 25. Qc1 {[%emt 0:02:14]} Rd3 {[%emt 0:01:07]} 26. Ne1 {[%emt 0:03:51]} Qd5 {[%emt 0:00:53]} 27. Rf2 {[%emt 0:04:16]} Bxg2+ {[%emt 0:04:24]} 28. Nxg2 {[%emt 0:03:34]} Re8 {[%emt 0:00:26]} 29. Kh2 {[%emt 0:01:51]} h6 {[%emt 0:01:37]} 30. Rb1 {[%emt 0:02:40]} Re4 {[%emt 0:06:40]} 31. Bb2 {[%emt 0:02:02]} hxg5 {[%emt 0:01:26]} 32. hxg5 {[%emt 0:00:51]} Re8 {[%emt 0:01:12]} 33. Qc2 {[%emt 0:03:55]} Nb6 {[%emt 0:01:39]} 34. Rd1 {[%emt 0:02:29]} Rxd1 {[%emt 0:02:09]} 35. Qxd1 {[%emt 0:00:06]} Re4 {[%emt 0:01:02]} 36. Re2 {[%emt 0:02:08]} Kf7 {[%emt 0:02:10]} 37. Qe1 {[%emt 0:00:28]} Rxe2 {[%emt 0:02:24]} 38. Qxe2 {[%emt 0:00:04]} Na4 {[%emt 0:02:45]} 39. Qc2 {[%emt 0:01:18]} Nb6 {[%emt 0:00:33]} 40. Kg3 {[%emt 0:00:00]} Qa5 {[%emt 0:00:00]} 41. Bc1 {[%emt 0:02:33]} Nd5 {[%emt 0:01:39]} 42. Bd2 {[%emt 0:00:25]} Bf8 {[%emt 0:01:19]} 43. Ne3 {[%emt 0:00:45]} Nxe3 {[%emt 0:00:26]} 44. Bxe3 {[%emt 0:00:06]} d5 {[%emt 0:00:22]} 45. Qb2 {[%emt 0:04:37]} Qb6 {[%emt 0:00:12]} 46. Bc1 {[%emt 0:06:42]} Qxb2 {[%emt 0:04:48]} 47. Bxb2 {[%emt 0:00:04]} Ke6 {[%emt 0:00:09]} 48. Kf2 {[%emt 0:00:46]} Kd7 {[%emt 0:00:07]} 49. Ke2 {[%emt 0:00:57]} Kc6 {[%emt 0:00:12]} 50. Kd1 {[%emt 0:00:31]} Kb5 {[%emt 0:00:16]} 51. Kc2 {[%emt 0:00:25]} Ka4 {[%emt 0:00:08]} 52. Kb1 {[%emt 0:01:29]} Be7 {[%emt 0:00:29]} 53. Bc1 {[%emt 0:00:26]} Bd6 {[%emt 0:00:27]} 54. Bd2 {[%emt 0:00:46]} 1/2-1/2

[Event "EYCC Open U14 2018"]
[Site "Riga"]
[Date "2018.08.26"]
[Round "6"]
[White "Tsoi, Dmitry"]
[Black "Bjerre, Jonas Buhl"]
[Result "1/2-1/2"]
[WhiteElo "2393"]
[BlackElo "2423"]
[Annotator "TA"]
[PlyCount "226"]
[EventDate "2018.08.20"]
[EventType "swiss"]
[EventCountry "LAT"]
[SourceTitle "playchess.com"]
[Source "ChessBase"]
[SourceQuality "1"]

{[%evp 15,226,5,4,-1,7,0,0,-14,-20,-35,5,0,0,0,35,0,2,0,0,0,29,33,51,51,76,77,77,77,76,79,68,79,104,104,104,104,104,104,104,104,120,112,128,127,131,104,104,104,105,105,105,83,98,83,83,83,84,84,91,79,79,79,79,79,79,79,79,70,70,70,70,70,70,70,70,70,70,70,70,70,70,70,70,70,70,70,70,70,70,70,70,70,70,0,70,70,70,70,70,70,70,70,70,70,70,70,70,70,70,70,70,70,70,70,70,70,70,70,70,70,70,70,70,70,70,0,70,70,70,0,70,0,70,70,70,70,70,70,70,70,70,0,70,45,67,67,67,67,67,5,6,6,362,362,362,362,362,355,362,356,362,362,362,339,355,355,355,355,348,348,341,341,333,333,325,0,0,0,0,0,0,0,0,0,0,0,0,0,0,0,0,0,0,0,0,0,0,0,0,0,0,0,0,0,0,0,0,0,0,0,0,0,0]} 1. c4 c5 2. g3 Nc6 3. Bg2 g6 4. Nc3 Bg7 5. Nf3 d6 6. O-O Bf5 7. d3 {A37: Symmetrical English vs ...g6: 4 Bg2 Bg7 5 Nf3} (7. h3 Qd7 8. Kh2 Nf6 9. d3 h6 10. e4 Be6 11. Be3 g5 12. Ng1 g4 13. h4 O-O 14. Nge2 Qd8 {0-1 (55) Caruana,F (2822)-So,W (2778) Stavanger 2018}) 7... Qd7 8. Re1 Nf6 {LiveBook: 14 Games} 9. Bg5 Bh3 $146 ({Predecessor:} 9... O-O 10. Nd2 Nh5 11. Rb1 Bh3 12. Be3 Bxg2 13. Kxg2 f5 14. f4 e5 {0-1 (25) Szymczak,Z (2190)-Piorun,K (2651) Zgierz 2017}) 10. Bxf6 Bxf6 11. Bxh3 Qxh3 12. Nd5 O-O 13. Nxf6+ exf6 14. Qd2 Ne5 (14... Rad8 {feels hotter.} 15. d4 Rfe8 16. Rad1 cxd4 17. Nxd4 Ne5) 15. Nxe5 (15. b3 {keeps more tension.} Rad8 16. d4 Nc6 17. e4 a6 18. Qb2) 15... fxe5 16. b4 b6 17. a4 Qd7 18. a5 cxb4 19. Qxb4 Rab8 20. axb6 Rxb6 21. Qa5 Rb7 22. Qd5 Rfb8 23. Kg2 Rb6 24. c5 Qc6 25. Qxc6 Rxc6 26. cxd6 Rxd6 27. Rxa7 $16 {[%mdl 4096] Endgame KRR-KRR} Rbd8 28. Re7 Rd5 29. Ra1 R8d7 30. Rxd7 Rxd7 {KR-KR} 31. Kf3 f6 32. g4 Kf7 33. Ra6 h5 34. h3 hxg4+ 35. hxg4 Rd4 36. Ra7+ Ke6 37. Rg7 g5 38. Ra7 Rf4+ 39. Kg3 {Hoping for e4.} Rd4 40. Ra6+ Ke7 41. f3 Rb4 42. Kf2 Rb2 43. Ke1 Kf7 44. Kd1 Ke7 45. Rc6 Ra2 46. Rc2 Ra3 47. Kd2 Ke6 48. Rb2 Ke7 49. Kc2 Ke6 50. Rb6+ Kf7 51. Kb2 Ra5 52. Rc6 Rb5+ 53. Kc2 Ra5 54. Rb6 (54. Kd2 $14) 54... Ra2+ (54... Ra3 $1 $11) 55. Rb2 $14 Ra3 56. Kb1 Ke6 57. Ra2 Rc3 58. Kb2 Rc6 59. Kb3 Kd5 60. Rc2 Rb6+ 61. Kc3 $1 Rc6+ 62. Kd2 {Threatens to win with Rxc6.} Ra6 63. Ke3 Ra4 64. Rb2 Ke6 65. Kd2 Ra3 66. Rb6+ Kf7 67. Rc6 Ke7 68. Rc3 Ra2+ 69. Rc2 Ra3 70. Rb2 Ke6 $1 71. Kc1 Ra1+ 72. Kc2 (72. Rb1 $5 {[%cal Rb1a1]} Ra6 73. Kd2 $16) 72... Ra3 $1 73. Rb6+ Kf7 $1 74. Kb1 Ra4 75. Rb5 Ke6 76. Kb2 Ra6 77. Rb8 Ra5 78. Rb6+ Kf7 $1 79. e3 Rd5 80. Rb3 Rc5 81. Rc3 Ra5 82. Kb3 ({Better is} 82. Kc1 $14) 82... Ra1 $1 $11 83. d4 {Threatening d5.} exd4 $2 {[%mdl 8192]} (83... Rf1 $1 $11) 84. exd4 $18 Ke6 {[#]} 85. Kc4 $1 Kd6 86. Kd3 Kd5 {intending ...Rd1+.} 87. Rc5+ Ke6 88. Rb5 Rd1+ 89. Ke3 Re1+ 90. Kf2 Rd1 {[#]} 91. Rb6+ $1 Ke7 92. Ke3 Re1+ 93. Kd3 Kf7 94. Ra6 Ke7 95. Kc4 $2 (95. Ra2 $18 Kf7 96. Ra7+ Ke6 97. Ra6+ Kf7 98. Ra7+ Ke6 99. Ra6+ Kf7 100. Ra7+) 95... Re3 $11 {The position is equal.} 96. Kd5 Kf7 97. Ra7+ Kg6 98. Kc6 Rc3+ 99. Kd6 Rxf3 100. Ke7 Rf4 101. d5 {And now Ra6 would win.} Rxg4 102. Ra6 Rf4 103. Re6 {d6 is the strong threat.} g4 104. d6 {Strongly threatening d7.} Ra4 105. d7 Ra7 106. Ra6 Rb7 107. Kd6 Rxd7+ 108. Kxd7 {KR-KPP} Kf5 109. Ra3 Kf4 110. Ke6 g3 111. Ra2 Kf3 112. Kxf6 g2 113. Rxg2 Kxg2 {Precision: White = 69%, Black = 71%.} 1/2-1/2

[Event "EYCC Open U14 2018"]
[Site "Riga"]
[Date "2018.08.26"]
[Round "6"]
[White "Makarian, Rudik"]
[Black "Popov, Konstantin"]
[Result "0-1"]
[WhiteElo "2378"]
[BlackElo "2198"]
[Annotator "NA"]
[PlyCount "110"]
[EventDate "2018.08.20"]
[EventType "swiss"]
[EventCountry "LAT"]
[SourceTitle "playchess.com"]
[Source "ChessBase"]
[SourceQuality "1"]
[TimeControl "40/5400+30:1800+30"]

1. Nf3 {[%emt 0:00:00]} Nf6 {[%emt 0:00:00]} 2. g3 {[%emt 0:00:06]} g6 {[%emt 0:00:49]} 3. Bg2 {[%emt 0:00:09]} Bg7 {[%emt 0:00:11]} 4. c4 {[%emt 0:00:35]} d5 {[%emt 0:01:03]} 5. cxd5 {[%emt 0:00:38]} O-O {[%emt 0:00:41]} 6. O-O {[%emt 0:00:57]} Nxd5 {[%emt 0:01:14]} 7. Nc3 {[%emt 0:02:03]} Nb6 {[%emt 0:01:45]} 8. d3 {[%emt 0:01:06]} Nc6 {[%emt 0:02:15]} 9. Be3 {[%emt 0:02:38]} e5 {[%emt 0:01:25]} 10. Rc1 {[%emt 0:00:49]} Nd4 {[%emt 0:01:29] A16: Englische Eröffnung} 11. Qd2 {[%emt 0:05:54]} (11. Ne4 h6 12. Nc5 c6 13. a4 Qe7 14. a5 Nd5 15. Bxd4 exd4 16. Nb3 Rd8 17. a6 Nb4 18. axb7 Bxb7 {0-1 (75) Kurnosov,I (2657)-Le,Q (2712) Khanty-Mansiysk 2013}) 11... Re8 {[%emt 0:05:19]} 12. Bh6 {[%emt 0:03:46]} Bh8 {[%emt 0:05:17]} 13. Nxd4 {[%emt 0:00:29]} exd4 {[%emt 0:00:22]} 14. Ne4 {[%emt 0:00:03]} Nd5 {[%emt 0:04:40] LiveBook: 4 Games} 15. Rc4 {[%emt 0:22:27]} c6 {[%emt 0:20:00]} 16. Bg5 {[%emt 0:05:24]} f6 {[%emt 0:03:20]} 17. Bh6 {[%emt 0:00:08]} Nb6 {[%emt 0:09:22]} 18. Rc2 {[%emt 0:02:06]} Nd5 $146 {[%emt 0:06:37]} ({Vorgänger:} 18... Qe7) 19. a3 {[%emt 0:09:00]} f5 {[%emt 0:06:19]} 20. Ng5 {[%emt 0:01:45]} Qd6 {[%emt 0:04:05]} 21. Qa5 {[%emt 0:10:24]} Nc7 {[%emt 0:07:48]} 22. Qa4 {[%emt 0:00:16]} Ne6 {[%emt 0:04:01]} 23. Qb3 {[%emt 0:13:25]} Bg7 {[%emt 0:02:38]} 24. Bxg7 {[%emt 0:01:48]} Kxg7 {[%emt 0:00:07]} 25. Nxe6+ {[%emt 0:00:02]} Rxe6 {[%emt 0:00:50]} 26. Rfc1 {[%emt 0:03:09]} Re7 {[%emt 0:01:52]} 27. Qa4 {[%emt 0:03:07]} Be6 {[%emt 0:00:34]} 28. Rc5 {[%emt 0:02:27]} Bf7 {[%emt 0:01:24]} 29. Bf3 {[%emt 0:01:09]} h5 {[%emt 0:01:07]} 30. b4 {[%emt 0:00:45]} a6 {[%emt 0:00:27]} 31. b5 {[%emt 0:03:44]} cxb5 {[%emt 0:00:08]} 32. Rxb5 {[%emt 0:00:03]} axb5 {[%emt 0:05:14]} 33. Qxa8 {[%emt 0:00:01]} g5 {[%emt 0:01:27]} 34. Re1 {[%emt 0:05:12]} Qc7 {[%emt 0:01:05]} 35. Qa7 {[%emt 0:00:52]} Qc3 {[%emt 0:00:17]} 36. Kf1 {[%emt 0:00:29]} g4 {[%emt 0:01:29]} 37. Bh1 {[%emt 0:00:24]} Rd7 {[%emt 0:00:52]} 38. Qb8 {[%emt 0:00:34]} Qc7 {[%emt 0:00:29]} 39. Qxc7 {[%emt 0:00:54]} Rxc7 {[%emt 0:00:01]} 40. Rb1 {[%emt 0:00:00]} Be8 {[%emt 0:00:00]} 41. Ke1 {[%emt 0:08:21]} Kf6 {[%emt 0:14:43]} 42. Kd2 {[%emt 0:01:00]} Rc3 {[%emt 0:16:09]} 43. Rb4 {[%emt 0:05:14]} Ke5 {[%emt 0:10:31]} 44. Rxd4 {[%emt 0:00:19]} Rxa3 {[%emt 0:00:28]} 45. Rd5+ {[%emt 0:06:48]} Ke6 {[%emt 0:00:22]} 46. Rc5 {[%emt 0:00:34]} b6 {[%emt 0:02:09]} 47. Rc1 {[%emt 0:04:32]} Kd6 {[%emt 0:00:57]} 48. f4 {[%emt 0:00:45]} b4 {[%emt 0:01:00]} 49. Rc4 {[%emt 0:05:01]} Ra2+ {[%emt 0:00:24]} 50. Ke3 $19 {[%emt 0:01:27]} b3 {[%emt 0:00:21]} 51. Rb4 {[%emt 0:01:52]} b2 {[%emt 0:02:08]} 52. Rxb6+ {[%emt 0:00:44]} Kc5 {[%emt 0:00:29]} 53. Rb8 {[%emt 0:00:33]} Bb5 {[%emt 0:00:25]} 54. d4+ {[%emt 0:00:06]} Kb4 {[%emt 0:00:05]} 55. Bc6 {[%emt 0:00:54]} Ra5 {[%emt 0:00:06]} 0-1

[Event "EYCC Open U14 2018"]
[Site "Riga"]
[Date "2018.08.26"]
[Round "6"]
[White "Morgunov, Marc"]
[Black "Kacharava, Nikolozi"]
[Result "1-0"]
[WhiteElo "2373"]
[BlackElo "2361"]
[Annotator "NA"]
[PlyCount "165"]
[EventDate "2018.08.20"]
[EventType "swiss"]
[EventCountry "LAT"]
[SourceTitle "playchess.com"]
[Source "ChessBase"]
[SourceQuality "1"]
[TimeControl "40/5400+30:1800+30"]

1. e4 {[%emt 0:00:00]} e5 {[%emt 0:00:05]} 2. Nf3 {[%emt 0:00:00]} Nf6 {[%emt 0:00:17]} 3. Nxe5 {[%emt 0:00:00]} d6 {[%emt 0:00:21]} 4. Nf3 {[%emt 0:00:00]} Nxe4 {[%emt 0:00:28]} 5. Nc3 {[%emt 0:00:07]} Nxc3 {[%emt 0:00:50]} 6. dxc3 {[%emt 0:00:08]} Nd7 {[%emt 0:03:34]} 7. Be3 {[%emt 0:05:06]} Be7 {[%emt 0:01:26]} 8. Qd2 {[%emt 0:03:45] C42: Petroff Defence: 3 Nxe5 and unusual White 3rd moves} c6 {[%emt 0:02:51]} (8... O-O 9. O-O-O c6 10. h4 d5 11. Kb1 Nf6 12. Bd3 Re8 13. Ng5 h6 14. f3 c5 15. g4 c4 {1-0 (28) Aronian,L (2767)-Anand,V (2768) Saint Louis 2018}) 9. c4 {[%emt 0:02:57]} O-O {[%emt 0:06:48]} 10. O-O-O {[%emt 0:03:06]} Ne5 {[%emt 0:07:20]} 11. Nxe5 {[%emt 0:03:40]} dxe5 {[%emt 0:00:09]} 12. Bd3 {[%emt 0:00:06]} Be6 {[%emt 0:08:25]} 13. Qe2 {[%emt 0:07:52]} Qa5 {[%emt 0:07:16]} 14. Kb1 {[%emt 0:00:52]} b5 {[%emt 0:08:05]} 15. Bd2 {[%emt 0:11:57]} Qc7 {[%emt 0:04:23] [#]} 16. cxb5 $146 {[%emt 0:15:09]} ({Predecessor:} 16. Bc3 bxc4 17. Bxc4 Bxc4 18. Qxc4 {1-0 (37) Vetoshko,V (2521)-Bykovskiy,O (2261) Suwalki 2018}) 16... cxb5 {[%emt 0:05:14]} 17. Bc3 {[%emt 0:00:16]} f6 {[%emt 0:03:59]} 18. f4 {[%emt 0:11:04]} b4 {[%emt 0:03:27]} 19. Qh5 {[%emt 0:04:05]} g6 {[%emt 0:02:57]} 20. Bxg6 {[%emt 0:00:23]} Bc5 {[%emt 0:05:22]} 21. Bf5 {[%emt 0:00:12]} Bxf5 {[%emt 0:04:01]} 22. Qxf5 {[%emt 0:00:42]} Rad8 {[%emt 0:05:59]} 23. Bd2 {[%emt 0:03:58]} Qd7 {[%emt 0:01:38]} 24. Qh5 {[%emt 0:04:07]} Qe6 {[%emt 0:02:41]} 25. fxe5 {[%emt 0:04:18]} Qxe5 {[%emt 0:00:59]} 26. Qg4+ {[%emt 0:00:22]} Kh8 {[%emt 0:01:27]} 27. Bh6 {[%emt 0:00:17]} Rxd1+ {[%emt 0:01:32]} 28. Rxd1 {[%emt 0:00:11]} f5 {[%emt 0:00:27]} 29. Qh4 {[%emt 0:03:42]} Be7 {[%emt 0:01:15]} 30. Qe1 {[%emt 0:00:45]} Qxe1 {[%emt 0:01:43]} 31. Rxe1 {[%emt 0:00:07]} Rf7 {[%emt 0:01:37]} 32. Kc1 {[%emt 0:02:58]} Kg8 {[%emt 0:00:40]} 33. h3 {[%emt 0:01:07]} Kh8 {[%emt 0:00:55]} 34. Re5 {[%emt 0:01:50]} Kg8 {[%emt 0:00:53]} 35. Kd1 {[%emt 0:01:17]} Rf6 {[%emt 0:03:43]} 36. Rxe7 {[%emt 0:00:09]} Rxh6 {[%emt 0:00:03]} 37. Rxa7 {[%emt 0:00:13]} Rg6 {[%emt 0:03:05]} 38. Ra5 {[%emt 0:01:15]} Rxg2 {[%emt 0:01:13]} 39. Rxf5 {[%emt 0:00:07]} Rg1+ {[%emt 0:00:53]} 40. Kd2 {[%emt 0:00:00]} Rb1 {[%emt 0:00:00]} 41. Ra5 {[%emt 0:00:41]} Kf7 {[%emt 0:02:54]} 42. Ra4 {[%emt 0:03:40]} Rh1 {[%emt 0:01:43]} 43. Rxb4 {[%emt 0:00:26]} Rh2+ {[%emt 0:00:36]} 44. Kc3 {[%emt 0:01:02]} Rxh3+ {[%emt 0:00:16]} 45. Kd2 {[%emt 0:01:38]} Rh2+ {[%emt 0:00:20]} 46. Ke3 {[%emt 0:01:29]} Rh3+ {[%emt 0:02:38]} 47. Kf2 {[%emt 0:00:52]} Rh2+ {[%emt 0:00:07]} 48. Kf3 {[%emt 0:01:29]} Rxc2 {[%emt 0:00:20]} 49. a4 {[%emt 0:00:35]} Ke6 {[%emt 0:03:38]} 50. Ke4 {[%emt 0:01:52]} Kd6 {[%emt 0:02:23]} 51. Kd4 {[%emt 0:01:28]} h5 {[%emt 0:03:25]} 52. Kd3 {[%emt 0:01:50]} Rg2 {[%emt 0:01:27]} 53. Kc3 {[%emt 0:01:13]} Rg3+ {[%emt 0:04:33]} 54. Kc2 {[%emt 0:01:52]} Rg2+ {[%emt 0:00:33]} 55. Kb3 {[%emt 0:02:15]} Rg3+ {[%emt 0:03:14]} 56. Ka2 {[%emt 0:00:21]} Rg4 {[%emt 0:03:16]} 57. Rb6+ {[%emt 0:00:09]} Kc7 {[%emt 0:00:45]} 58. Ra6 {[%emt 0:00:07]} Kb7 {[%emt 0:04:25]} 59. Ra5 {[%emt 0:00:08]} h4 {[%emt 0:01:18]} 60. Ka3 {[%emt 0:00:38]} Rg1 {[%emt 0:02:55]} 61. Rh5 {[%emt 0:01:19]} Rh1 {[%emt 0:00:52]} 62. a5 {[%emt 0:01:48]} h3 {[%emt 0:00:37]} 63. Ka4 {[%emt 0:00:38]} Rb1 {[%emt 0:00:40]} 64. b4 {[%emt 0:00:28]} Rh1 {[%emt 0:00:30]} 65. Kb5 {[%emt 0:00:16]} Rg1 {[%emt 0:00:22]} 66. Rh7+ {[%emt 0:00:47]} Ka8 {[%emt 0:00:12]} 67. Rxh3 {[%emt 0:00:12]} Rg5+ {[%emt 0:00:16]} 68. Ka4 {[%emt 0:00:41]} Rg7 {[%emt 0:00:42]} 69. a6 {[%emt 0:01:33]} Ka7 {[%emt 0:00:33]} 70. Ka5 {[%emt 0:00:13]} Rg5+ {[%emt 0:00:22]} 71. b5 {[%emt 0:00:21]} Rf5 {[%emt 0:00:42]} 72. Rh7+ {[%emt 0:00:34]} Ka8 {[%emt 0:00:30]} 73. Rd7 {[%emt 0:01:01]} Rc5 {[%emt 0:00:49]} 74. Kb6 {[%emt 0:00:40]} Rc8 {[%emt 0:00:14]} 75. Ka5 {[%emt 0:02:12]} Rc5 {[%emt 0:00:49]} 76. Kb4 {[%emt 0:00:25]} Rh5 {[%emt 0:00:22]} 77. b6 {[%emt 0:00:14]} Rh4+ {[%emt 0:00:27]} 78. Kc5 {[%emt 0:00:07]} Rh8 {[%emt 0:00:14]} 79. Kc6 {[%emt 0:01:11]} Rg8 {[%emt 0:00:42]} 80. b7+ {[%emt 0:01:02]} Kb8 {[%emt 0:00:35]} 81. Rd6 {[%emt 0:00:07]} Ka7 {[%emt 0:00:37]} 82. Kc7 {[%emt 0:00:59]} Rc8+ {[%emt 0:00:34]} 83. bxc8=N+ {[%emt 0:00:15]} 1-0